| 000 | 01659cam a2200337 a 4500 | ||
|---|---|---|---|
| 001 | 0000005140 | ||
| 005 | 20170406120406.0 | ||
| 008 | 881004s1988 nyua b 101 0 eng | ||
| 010 | _a 88039997 | ||
| 020 | _a0897664787 | ||
| 020 | _a0897664795 (pbk.) | ||
| 035 | _9(DLC) 88039997 | ||
| 040 |
_aDLC _cDLC _dDLC |
||
| 050 | 0 | 0 |
_aQ11 _b.N5 vol. 541 _aRG135 |
| 082 | 0 | 0 |
_a500 s _a618.1/78/059 _219 |
| 245 | 0 | 0 |
_aIn vitro fertilization and other assisted reproduction / _cedited by Howard W. Jones, Jr. and Charlotte Schrader. |
| 260 |
_aNew York, N.Y. : _bNew York Academy of Sciences, _c1988. |
||
| 300 |
_axviii, 775 p. : _bill. ; _c24 cm. |
||
| 440 | 0 |
_aAnnals of the New York Academy of Sciences, _x0077-8923 ; _vv. 541 |
|
| 500 | _a"Papers ... presented at the Vth World Congress on In Vitro Fertilization and Embryo Transfer, which was held in Norfolk, Virginia on April 5-10, 1987 ... [and] sponsored by the American Fertility Society, the Howard and Georgeanna Jones Institute for Reproductive Medicine, and the International Federation of Fertility Societies"--P.v. | ||
| 504 | _aIncludes bibliographies and index. | ||
| 650 | 0 |
_aFertilization in vitro, Human _xCongresses. |
|
| 650 | 0 |
_aFertilization in vitro _xCongresses. |
|
| 700 | 1 |
_aJones, Howard Wilbur, _cJr., _d1910-. |
|
| 700 | 1 | _aSchrader, Charlotte. | |
| 710 | 2 | _aAmerican Fertility Society. | |
| 710 | 2 | _aHoward and Georgeanna Jones Institute for Reproductive Medicine. | |
| 710 | 2 | _aInternational Federation of Fertility Societies. | |
| 711 | 2 |
_aWorld Congress on In Vitro Fertilization and Embryo Transfer _n(5th : _d1987 : _cNorfolk, Va.) |
|
| 908 | _a141204 | ||
| 999 |
_c4944 _d4944 |
||